Solution chemistry: minerals and reagents
محفوظ في:
| المؤلفون الرئيسيون: | , |
|---|---|
| التنسيق: | كتاب |
| اللغة: | الإنجليزية |
| منشور في: |
Amsterdam
Elsevier
2006
|
| الطبعة: | 1a. ed |
| سلاسل: | Development in Mineral Proccesing, 17
|
| الموضوعات: | |
| الوسوم: |
إضافة وسم
لا توجد وسوم, كن أول من يضع وسما على هذه التسجيلة!
|
MARC
| LEADER | 00000nam a2200000 a 4500 | ||
|---|---|---|---|
| 001 | UCI6279 | ||
| 003 | CL-VaPUC | ||
| 008 | 080425e20060000NE |||||||||||||||||eng|d | ||
| 020 | |a 9780444520593 | ||
| 082 | 0 | 4 | |a 531.34 |b SOM |2 21 |
| 100 | 0 | |a Somasundaran, P |e author |9 529052 | |
| 700 | 0 | |a Dianzuo, Wang |e author |9 529053 | |
| 245 | 1 | 0 | |a Solution chemistry: minerals and reagents |
| 250 | |a 1a. ed | ||
| 300 | |a 220 p | ||
| 942 | |c BK | ||
| 945 | |d 20080425 00:00:00 |a jtorresc | ||
| 260 | |a Amsterdam |b Elsevier |c 2006 | ||
| 650 | 7 | |a SOLUCIONES QUIMICAS |2 CL-VaPUC |9 375378 | |
| 650 | 0 | |a Agentes activos |9 434200 | |
| 650 | 0 | |a Reacciones químicas |9 259438 | |
| 583 | |a last modification |c 20080425 00:00:00 |k Rodrigo Vera | ||
| 490 | 0 | |a Development in Mineral Proccesing, 17 | |
| 999 | |c 329804 |d 329802 | ||
| 952 | |0 0 |1 0 |4 0 |6 531_340000000000000_SOM_2006 |7 0 |8 A |9 414900 |a BIBING |b BIBING |d 2019-11-22 |i 4434056 |o 531.34 SOM 2006 |p 4434056 |r 2025-01-20 |w 2019-11-22 |y BK |k EIQ | ||